Malmesbury and others v Strutt and Parker (Record no. 79403)

MARC details
000 -LEADER
fixed length control field 01576cab a22001815a 4500
001 - CONTROL NUMBER
control field L140978
008 - FIXED-LENGTH DATA ELEMENTS--GENERAL INFORMATION
fixed length control field 071024e20071009xxk f 000 0 eng d
035 ## - SYSTEM CONTROL NUMBER
System control number (Sirsi) u140978
041 0# - LANGUAGE CODE
Language code of text/sound track or separate title eng
245 00 - TITLE STATEMENT
Title Malmesbury and others v Strutt and Parker
Medium [electronic resource]
260 ## - PUBLICATION, DISTRIBUTION, ETC.
Date of publication, distribution, etc. 2007
520 ## - SUMMARY, ETC.
Summary, etc. [2007] EWHC 2199 (QB), 9 October 2007. Considers whether a sum of damages previously awarded could be increased after an order giving effect to that judgment was in place. The applicant (M) was the owner of a car park who had previously established (L138156) that the defendant surveyors (S) had been negligent in failing to provide advice as to the setting of rent pursuant to income from the car park. It had been established that assessment of the damages was to be determined relating to value at the time of the transaction (L138264). M applied for an increase in the amount of compensation to be paid by S. "Held": It was only possible for the judge to alter such an order, in appropriate circumstances, prior to its taking effect. This order was in place and so the only option available to a dissatisfied party was to appeal the decision. The order was to be treated as a bar for the court's ability to reconsider that issue. Application refused.
650 24 - SUBJECT ADDED ENTRY--TOPICAL TERM
Topical term or geographic name entry element MALMESBURY AND OTHERS V STRUTT AND PARKER
651 #4 - SUBJECT ADDED ENTRY--GEOGRAPHIC NAME
Geographic name England and Wales
Chronological subdivision 1543-
690 ## - LOCAL SUBJECT ADDED ENTRY--TOPICAL TERM (OCLC, RLIN)
Topical term or geographic name as entry element MANAGEMENT-BUSINESS MANAGEMENT-PROFESSIONAL PRACTICE-NEGLIGENCE
856 40 - ELECTRONIC LOCATION AND ACCESS
Uniform Resource Identifier <a href="https://www.bailii.org/ew/cases/EWHC/QB/2007/2199.html">https://www.bailii.org/ew/cases/EWHC/QB/2007/2199.html</a>
Public note View the judgment free of charge at www.bailii.org...
942 ## - ADDED ENTRY ELEMENTS (KOHA)
Suppress in OPAC 0
Holdings
Withdrawn status Lost status Source of classification or shelving scheme Damaged status Not for loan Home library Current library Shelving location Date acquired Total Checkouts Full call number Barcode Date last seen Copy number Price effective from Koha item type
    Dewey Decimal Classification     London London Journal article 24/10/2007   ONLINE PUBLICATION 140978-1001 06/08/2019 1 06/08/2019 Law report